000 00593nam a22002057a 4500
005 20230606011648.0
008 221212b |||||||| |||| 00| 0 eng d
020 _a978-1-64172-187-5
082 _a395.54 N481 2019
100 _aNewton, Arianna
_eauthor
245 _aDining etiquettes:
_bessential table manners /
_cArianna Newton
260 _aNew York:
_bLarsen & Keller,
_cc2019
300 _a[vii], 197p.:
_bcol. ill.
504 _aIncludes index
541 _e6422
650 _aTable etiquette
650 _aEtiquette
650 _aTable setting and decoration
650 _aFood habits
999 _c363
_d363